000 00320nam a2200133Ia 4500
008 150201s2005 xx 000 0 und d
082 _a610.72
_bN05M
100 _aMAKHIJA, NEELAM
245 _aINTRODUCTION TO NURSING RESEARCH
260 _bA.P. JAIN
_c2005
300 _a190
650 _aNURSING
942 _2ddc
_cBK
_011
999 _c2449
_d2449